[Event "IECC CL3-2002.02"]
[Site "IECC email"]
[Date "2002.01.16"]
[Round "?"]
[White "Castillo, German"]
[Black "Tomasouw, Izak"]
[Result "1/2-1/2"]
[WhiteElo "1940"]
[BlackElo "1724"]
[PlyCount "81"]
[EventDate "2002.??.??"]
[EventType "tourn (corr)"]
[EventRounds "4"]
[SourceTitle "Corr 2008"]
[Source "ChessBase"]
[SourceDate "2008.06.24"]
[SourceVersion "1"]
[SourceVersionDate "2008.06.24"]
[SourceQuality "1"]

1. e4 e6 2. d4 d5 3. Nc3 Bb4 4. e5 c5 5. a3 Bxc3+ 6. bxc3 Ne7 7. Qg4 0-0 8. Bd3 Qa5 9. Bd2 Nbc6 10. Nf3 f5 11. exf6 Rxf6 12. Qh5 Nf5 13. c4 Qa4 14. cxd5 Ncxd4 15. Ng5 h6 16. Ne4 Rf8 17. 0-0 b6 18. Nc3 Qe8 19. Qxe8 Rxe8 20. Rae1 Bd7 21. dxe6 Bxe6 22. Nb5 Bf7 23. a4 c4 24. Be4 Rad8 25. Bc3 Nxb5 26. axb5 Nd4 27. Bxd4 Rxd4 28. f3 g5 29. c3 Rd7 30. Kf2 Kg7 31. Rd1 Rc7 32. Rd6 Re5 33. Rb1 Rce7 34. Kg3 Be8 35. Bd5 Re3 36. Bxc4 Rxc3 37. Bd3 Rd7 38. Rxd7+ Bxd7 39. Be2 Rc2 40. Rd1 Be8 41. Bd3 1/2-1/2

[Event "IECC CL3-2002.02"]
[Site "IECC email"]
[Date "2002.01.16"]
[Round "?"]
[White "Tomasouw, Izak"]
[Black "Azevedo, Paulo JS"]
[Result "1/2-1/2"]
[WhiteElo "1755"]
[BlackElo "1958"]
[PlyCount "67"]
[EventDate "2002.??.??"]
[EventType "tourn (corr)"]
[EventRounds "4"]
[SourceTitle "Corr 2008"]
[Source "ChessBase"]
[SourceDate "2008.06.24"]
[SourceVersion "1"]
[SourceVersionDate "2008.06.24"]
[SourceQuality "1"]

1. e4 c5 2. Nc3 Nc6 3. g3 g6 4. Bg2 Bg7 5. d3 d6 6. Nge2 e5 7. 0-0 Nge7 8. Be3 0-0 9. Qd2 Nd4 10. f4 Qb6 11. Rab1 Re8 12. fxe5 dxe5 13. a3 a5 14. b3 Bg4 15. Rf2 Qe6 16. Rbf1 Rf8 17. Nc1 b6 18. Bg5 f6 19. Be3 Qd7 20. Na4 Rab8 21. Nb2 Be6 22. Ne2 Rfc8 23. a4 Nec6 24. Nc4 Nb4 25. Na3 Bg4 26. Nc1 Qe6 27. Bh6 Rf8 28. Qe3 Nbc6 29. Nc4 b5 30. axb5 Rxb5 31. Qd2 Rbb8 32. Be3 Rfc8 33. Bh6 Rf8 34. Be3 1/2-1/2

[Event "IECC CL4-2001.13"]
[Site "IECC email"]
[Date "2001.05.04"]
[Round "?"]
[White "Laureles, Raymundo"]
[Black "Tomasouw, Izak"]
[Result "0-1"]
[WhiteElo "1741"]
[BlackElo "1704"]
[PlyCount "68"]
[EventDate "2001.??.??"]
[EventType "tourn (corr)"]
[EventRounds "4"]
[SourceTitle "Corr 2008"]
[Source "ChessBase"]
[SourceDate "2008.06.24"]
[SourceVersion "1"]
[SourceVersionDate "2008.06.24"]
[SourceQuality "1"]

1. e4 e6 2. d4 d5 3. Nc3 Bb4 4. e5 c5 5. a3 Bxc3+ 6. bxc3 Ne7 7. Qg4 Qc7 8. Qxg7 Rg8 9. Qxh7 cxd4 10. Kd1 Nbc6 11. Nf3 dxc3 12. Ng5 Nxe5 13. f4 Rxg5 14. fxg5 N5g6 15. Be2 e5 16. Rf1 Be6 17. Bb5+ Kd8 18. Qg7 Qc5 19. Bd3 e4 20. Be2 d4 21. Rb1 d3 22. Bh5 dxc2+ 23. Kxc2 Bc4 24. Rb4 Bxf1 25. Rd4+ Kc8 26. Bg4+ Kc7 27. Rd7+ Kb6 28. Qf6+ Nc6 29. Qxf1 Nge5 30. h4 Nxd7 31. Bxd7 Nd4+ 32. Kb1 Ka5 33. Qxf7 Rf8 34. Qg6 Rf1 0-1

[Event "IECC Swiss email"]
[Site "IECC email"]
[Date "2001.05.04"]
[Round "?"]
[White "Tomasouw, Izak"]
[Black "Fuhrmann, Andreas"]
[Result "1-0"]
[WhiteElo "1668"]
[BlackElo "1576"]
[PlyCount "57"]
[EventDate "2001.??.??"]
[EventType "tourn (corr)"]
[EventRounds "6"]
[SourceTitle "Corr 2008"]
[Source "ChessBase"]
[SourceDate "2008.06.24"]
[SourceVersion "1"]
[SourceVersionDate "2008.06.24"]
[SourceQuality "1"]

1. e4 e5 2. Nf3 Nc6 3. Bc4 Nf6 4. d4 exd4 5. 0-0 Nxe4 6. Re1 d5 7. Bxd5 Qxd5 8. Nc3 Qh5 9. Nxe4 Be6 10. Bg5 h6 11. Bf6 Qg6 12. Nh4 Qg4 13. Qxg4 Bxg4 14. Nc5+ Be6 15. Nxe6 fxe6 16. Be5 Nxe5 17. Rxe5 Kf7 18. Re4 c5 19. Rf4+ Ke8 20. Ng6 Rg8 21. Re1 Kd7 22. Rf7+ Kd6 23. Rxb7 a5 24. Rb6+ Kc7 25. Rexe6 Rd8 26. Rec6+ Kd7 27. Ne5+ Ke8 28. Re6+ Be7 29. Rb7 1-0

[Event "IECC CL4-2001.13"]
[Site "IECC email"]
[Date "2001.05.04"]
[Round "?"]
[White "Tomasouw, Izak"]
[Black "Newman, Nelson"]
[Result "0-1"]
[WhiteElo "1714"]
[BlackElo "1786"]
[PlyCount "92"]
[EventDate "2001.??.??"]
[EventType "tourn (corr)"]
[EventRounds "4"]
[SourceTitle "Corr 2008"]
[Source "ChessBase"]
[SourceDate "2008.06.24"]
[SourceVersion "1"]
[SourceVersionDate "2008.06.24"]
[SourceQuality "1"]

1. e4 e6 2. d3 d5 3. Nd2 Nf6 4. Ngf3 c5 5. g3 Nc6 6. Bg2 Be7 7. 0-0 b6 8. Re1 Qc7 9. exd5 exd5 10. Nf1 Be6 11. Bf4 Qd7 12. c3 0-0 13. Ne3 Rac8 14. Ng5 d4 15. Nxe6 fxe6 16. Nc4 Nd5 17. Ne5 Nxe5 18. Bxe5 dxc3 19. bxc3 Bf6 20. Bxf6 Rxf6 21. Qb3 Rd8 22. Rad1 b5 23. a3 a6 24. Re5 Qd6 25. Rde1 Nc7 26. c4 Qd4 27. Qc2 b4 28. axb4 cxb4 29. R5e3 a5 30. Qa2 Rf5 31. Bh3 Rc5 32. Bf1 Qc3 33. Re4 Rf5 34. Bh3 Rc5 35. Bxe6+ Nxe6 36. Rxe6 Qxd3 37. Qa4 h6 38. R6e4 Kh7 39. Qa2 b3 40. Qa3 Rf5 41. f4 Qc2 42. R4e2 Qxc4 43. Re3 a4 44. Re4 Qc5+ 45. Qxc5 Rxc5 46. Rxa4 b2 0-1

[Event "IECC CL3-2001.16"]
[Site "IECC email"]
[Date "2001.04.29"]
[Round "?"]
[White "Tomasouw, Izak"]
[Black "Suc, Timothy"]
[Result "1/2-1/2"]
[WhiteElo "1679"]
[BlackElo "1825"]
[PlyCount "68"]
[EventDate "2001.??.??"]
[EventType "tourn (corr)"]
[EventRounds "4"]
[SourceTitle "Corr 2008"]
[Source "ChessBase"]
[SourceDate "2008.06.24"]
[SourceVersion "1"]
[SourceVersionDate "2008.06.24"]
[SourceQuality "1"]

1. e4 c5 2. d3 Nc6 3. g3 g6 4. Bg2 Bg7 5. f4 e6 6. Nf3 Nge7 7. 0-0 0-0 8. c3 d5 9. Na3 b6 10. Nc2 dxe4 11. dxe4 Ba6 12. Re1 Qxd1 13. Rxd1 Rfd8 14. Be3 Bd3 15. Nfe1 Be2 16. Rxd8+ Rxd8 17. Kf2 Ba6 18. e5 Nd5 19. Rd1 Nxe3 20. Rxd8+ Nxd8 21. Nxe3 Kf8 22. Nf3 Bb7 23. Ng5 h6 24. Ne4 Bxe4 25. Bxe4 Ke7 26. Nc4 b5 27. Nd6 a6 28. a4 bxa4 29. Bd3 f6 30. Nc8+ Kf8 31. exf6 Bxf6 32. Bxa6 a3 33. bxa3 Bxc3 34. Nd6 Ke7 1/2-1/2

[Event "IECC CL3-2001.16"]
[Site "IECC email"]
[Date "2001.04.29"]
[Round "?"]
[White "Vaillancourt, Stephane"]
[Black "Tomasouw, Izak"]
[Result "1/2-1/2"]
[WhiteElo "1964"]
[BlackElo "1648"]
[PlyCount "27"]
[EventDate "2001.??.??"]
[EventType "tourn (corr)"]
[EventRounds "4"]
[SourceTitle "Corr 2008"]
[Source "ChessBase"]
[SourceDate "2008.06.24"]
[SourceVersion "1"]
[SourceVersionDate "2008.06.24"]
[SourceQuality "1"]

1. d4 Nf6 2. c4 g6 3. Nc3 Bg7 4. e4 d6 5. Be2 0-0 6. f4 Nbd7 7. Nf3 b6 8. 0-0 Bb7 9. e5 Ne8 10. e6 fxe6 11. Ng5 Rf6 12. Bg4 Nf8 13. Re1 d5 14. Nxe6 1/2-1/2

[Event "IECC CL4-2001.09"]
[Site "IECC email"]
[Date "2001.03.28"]
[Round "?"]
[White "Tomasouw, Izak"]
[Black "Czernow, Marcin"]
[Result "0-1"]
[WhiteElo "1722"]
[BlackElo "1777"]
[PlyCount "94"]
[EventDate "2001.??.??"]
[EventType "tourn (corr)"]
[EventRounds "4"]
[SourceTitle "Corr 2008"]
[Source "ChessBase"]
[SourceDate "2008.06.24"]
[SourceVersion "1"]
[SourceVersionDate "2008.06.24"]
[SourceQuality "1"]

1. e4 c6 2. d3 d5 3. Nd2 e5 4. Ngf3 Bd6 5. g3 Nf6 6. Bg2 0-0 7. 0-0 Re8 8. b3 Bg4 9. h3 Bh5 10. Bb2 h6 11. Qe1 d4 12. Nh4 Nh7 13. Ndf3 Ng5 14. Nxg5 hxg5 15. Nf5 Bc5 16. g4 Bg6 17. Qd2 Na6 18. a3 Nc7 19. Rae1 Ne6 20. Ng3 Nf4 21. b4 Bb6 22. Ne2 Ne6 23. Ra1 a5 24. Bh1 Qd6 25. Rfb1 Bc7 26. c4 dxc3 27. Bxc3 axb4 28. Bxb4 c5 29. Bc3 b6 30. Rd1 Red8 31. a4 Nd4 32. Bxd4 exd4 33. Ng3 Qe5 34. Rdb1 Ra7 35. Rb2 Rda8 36. Rba2 f6 37. Qb2 Be8 38. Bf3 Bf7 39. Ra3 Ra6 40. Bg2 Bd6 41. Nf5 Bf8 42. Rb1 c4 43. Raa1 c3 44. Qc2 g6 45. Rb5 Qxb5 46. axb5 Rxa1+ 47. Bf1 gxf5 0-1

[Event "IECC CL4-2000.34"]
[Site "IECC email"]
[Date "2000.08.11"]
[Round "?"]
[White "Tomasouw, Izak"]
[Black "Van Rooijen, Peter"]
[Result "1/2-1/2"]
[WhiteElo "1495"]
[BlackElo "1701"]
[PlyCount "100"]
[EventDate "2000.??.??"]
[EventType "tourn (corr)"]
[EventRounds "4"]
[SourceTitle "Corr 2008"]
[Source "ChessBase"]
[SourceDate "2008.06.24"]
[SourceVersion "1"]
[SourceVersionDate "2008.06.24"]
[SourceQuality "1"]

1. e4 e6 2. d3 d5 3. Nd2 c5 4. Ngf3 Nc6 5. g3 Nf6 6. Bg2 Be7 7. 0-0 0-0 8. Re1 d4 9. e5 Nd5 10. Nf1 b6 11. h4 Bb7 12. N1h2 a5 13. a4 Qd7 14. Ng5 h6 15. Nh3 Ncb4 16. Ng4 f5 17. exf6 Bxf6 18. Ra3 Rad8 19. Nxf6+ Rxf6 20. c3 dxc3 21. bxc3 Nxc3 22. Rxc3 Bxg2 23. Kxg2 Nxd3 24. Rxd3 Qxd3 25. Qxd3 Rxd3 26. Nf4 Rb3 27. Nh5 Rf5 28. g4 Rf7 29. Rxe6 Rb4 30. f4 Rxa4 31. Rxb6 Rc4 32. Be3 Re7 33. Bf2 Rc2 34. Ng3 a4 35. Ra6 Ra2 36. Ra5 c4 37. Rc5 a3 38. Rxc4 Ra7 39. Rc8+ Kh7 40. Kf3 Rxf2+ 41. Kxf2 a2 42. Rc1 a1Q 43. Rxa1 Rxa1 44. h5 Ra2+ 45. Kf3 Ra3+ 46. Kf2 Kg8 47. Ne4 Kf7 48. Nd6+ Ke6 49. Nf5 Kf6 50. Ne3 Rb3 1/2-1/2

[Event "IECC CL5-2000.24"]
[Site "IECC email"]
[Date "2000.08.08"]
[Round "?"]
[White "Lapena Bayo, Cosme"]
[Black "Tomasouw, Izak"]
[Result "0-1"]
[WhiteElo "1508"]
[BlackElo "1582"]
[PlyCount "148"]
[EventDate "2000.??.??"]
[EventType "tourn (corr)"]
[EventRounds "4"]
[SourceTitle "Corr 2008"]
[Source "ChessBase"]
[SourceDate "2008.06.24"]
[SourceVersion "1"]
[SourceVersionDate "2008.06.24"]
[SourceQuality "1"]

1. e4 e6 2. Nf3 d5 3. e5 c5 4. c3 Nc6 5. d4 Qb6 6. Bd3 cxd4 7. cxd4 Bb4+ 8. Nc3 Nge7 9. 0-0 Bd7 10. Na4 Qd8 11. a3 Ba5 12. Bg5 h6 13. Be3 0-0 14. b4 Bc7 15. Nc5 Rb8 16. Rb1 Nf5 17. Rc1 Bb6 18. Qd2 Qe7 19. Bxf5 exf5 20. Rc2 Rfc8 21. Bxh6 Bxc5 22. Rxc5 gxh6 23. Qxh6 Qe6 24. Qg5+ Qg6 25. Qxg6+ fxg6 26. Rxd5 Rd8 27. Rd6 Be8 28. Rxd8 Rxd8 29. Rd1 Bf7 30. b5 Ne7 31. Rc1 Nd5 32. g3 Be8 33. a4 Nb6 34. Rc7 Nxa4 35. e6 Bxb5 36. e7 Rb8 37. d5 Nb6 38. d6 Kf7 39. Ng5+ Kf6 40. f4 Be8 41. Rc3 Rc8 42. Rd3 Rc5 43. Nh7+ Kg7 44. Ng5 Rd5 45. Ne6+ Kf7 46. Ng5+ Kf6 47. Nh7+ Ke6 48. Re3+ Kf7 49. Ng5+ Kf6 50. Re6+ Kg7 51. g4 Nc8 52. Re5 Rxe5 53. fxe5 Nxd6 54. exd6 Kf6 55. h4 fxg4 56. Ne4+ Ke5 57. Nc5 Kxd6 58. Nxb7+ Kxe7 59. Kf2 Bc6 60. Na5 Bf3 61. Ke3 Ke6 62. Kf4 Kf6 63. Nc4 Kg7 64. Kg3 Kh6 65. Kf4 Kh5 66. Kg3 a6 67. Ne3 a5 68. Nc4 a4 69. Na3 g5 70. hxg5 Kxg5 71. Nc2 Kf5 72. Na3 Ke4 73. Nc2 Kd3 74. Na3 Kc3 0-1

[Event "IECC CL6-2000.15"]
[Site "IECC email"]
[Date "2000.04.11"]
[Round "?"]
[White "Cherner, Lyle"]
[Black "Tomasouw, Izak"]
[Result "0-1"]
[WhiteElo "1211"]
[BlackElo "1379"]
[PlyCount "40"]
[EventDate "2000.??.??"]
[EventType "tourn (corr)"]
[EventRounds "4"]
[SourceTitle "Corr 2008"]
[Source "ChessBase"]
[SourceDate "2008.06.24"]
[SourceVersion "1"]
[SourceVersionDate "2008.06.24"]
[SourceQuality "1"]

1. f4 e5 2. fxe5 d6 3. exd6 Bxd6 4. g3 Nf6 5. Bg2 0-0 6. Nf3 c5 7. 0-0 Nc6 8. b3 Bg4 9. Bb2 Re8 10. Na3 Bc7 11. Nb5 Ba5 12. c4 a6 13. Nc3 Qd7 14. Na4 Qd6 15. Bxf6 Qxf6 16. Nh4 Qe5 17. Bd5 Re7 18. Bf3 Bh3 19. Rf2 Bxd2 20. Bxc6 Be3 0-1

[Event "IECC CL6-2000.15"]
[Site "IECC email"]
[Date "2000.04.11"]
[Round "?"]
[White "Lind, Anders"]
[Black "Tomasouw, Izak"]
[Result "0-1"]
[WhiteElo "1295"]
[BlackElo "1356"]
[PlyCount "68"]
[EventDate "2000.??.??"]
[EventType "tourn (corr)"]
[EventRounds "4"]
[SourceTitle "Corr 2008"]
[Source "ChessBase"]
[SourceDate "2008.06.24"]
[SourceVersion "1"]
[SourceVersionDate "2008.06.24"]
[SourceQuality "1"]

1. e4 e5 2. Nf3 Nc6 3. Bb5 a6 4. Ba4 Nf6 5. 0-0 Be7 6. Re1 b5 7. Bb3 d6 8. c3 0-0 9. h3 Bb7 10. d4 Re8 11. Nbd2 exd4 12. cxd4 Na5 13. Bc2 c5 14. d5 Nd7 15. Nf1 Nc4 16. b3 Bf6 17. Rb1 Nce5 18. Nxe5 Nxe5 19. f4 Ng6 20. Ne3 Nxf4 21. Nf5 Ng6 22. Qg4 Bxd5 23. Bd2 Be6 24. Qg3 d5 25. exd5 Qxd5 26. Qd3 Qxd3 27. Bxd3 Rad8 28. Re3 Nf4 29. Bxb5 axb5 30. Ba5 Bxf5 31. Rbe1 Bd4 32. Bxd8 Bxe3+ 33. Kh2 Nd3 34. Re2 Bf4+ 0-1

[Event "IECC M email"]
[Site "IECC email"]
[Date "1999.11.04"]
[Round "?"]
[White "Copin, Jean Christophe"]
[Black "Tomasouw, Izak"]
[Result "0-1"]
[WhiteElo "1041"]
[BlackElo "1261"]
[PlyCount "78"]
[EventDate "1999.??.??"]
[EventType "tourn (corr)"]
[EventRounds "6"]
[SourceTitle "Corr 2008"]
[Source "ChessBase"]
[SourceDate "2008.06.24"]
[SourceVersion "1"]
[SourceVersionDate "2008.06.24"]
[SourceQuality "1"]

1. e4 c5 2. Nf3 d6 3. d4 cxd4 4. Nxd4 Nf6 5. Nc3 Nc6 6. Bb5 Bd7 7. Be3 e6 8. 0-0 Be7 9. f4 0-0 10. e5 Nxd4 11. Bxd4 dxe5 12. fxe5 Nd5 13. Bd3 Nxc3 14. bxc3 f5 15. exf6 Bxf6 16. Rxf6 gxf6 17. Qh5 Qe7 18. Rf1 e5 19. Be3 Be8 20. Bc4+ Kh8 21. Qh6 Rc8 22. Bg5 Bg6 23. Bd3 fxg5 24. Rxf8+ Rxf8 25. h3 Bxd3 26. cxd3 Qf6 27. Qh5 Qf1+ 28. Kh2 Qf4+ 29. Kg1 Kg7 30. Qe2 Qc1+ 31. Kh2 Qxc3 32. Qe3 h6 33. Qxa7 Qc7 34. Kg1 Qd7 35. a4 Qd4+ 36. Qxd4 exd4 37. Kh2 Kg6 38. Kg3 h5 39. Kh2 h4 0-1

[Event "IECC M email"]
[Site "IECC email"]
[Date "1999.11.04"]
[Round "?"]
[White "Tomasouw, Izak"]
[Black "Den Boer, Paul"]
[Result "1-0"]
[WhiteElo "1349"]
[BlackElo "1383"]
[PlyCount "59"]
[EventDate "1999.??.??"]
[EventType "tourn (corr)"]
[EventRounds "6"]
[SourceTitle "Corr 2008"]
[Source "ChessBase"]
[SourceDate "2008.06.24"]
[SourceVersion "1"]
[SourceVersionDate "2008.06.24"]
[SourceQuality "1"]

1. d4 Nf6 2. c4 e6 3. Nf3 c5 4. g3 b6 5. Bg2 Bb7 6. 0-0 Qc7 7. b3 e5 8. dxe5 Ng4 9. Bb2 d6 10. exd6 Bxd6 11. Nc3 a6 12. Nd5 Bxd5 13. Qxd5 Nc6 14. Qe4+ Nge5 15. Nxe5 Bxe5 16. Bxe5 Nxe5 17. Qxa8+ Qd8 18. Qxd8+ Kxd8 19. Rad1+ Ke7 20. f4 Ng4 21. Rfe1 Re8 22. Bh3 Nf6 23. e4 Kf8 24. e5 Ng8 25. Rd6 Rb8 26. Red1 Ke8 27. Bg2 Nh6 28. Bc6+ Ke7 29. Rd7+ Ke6 30. g4 1-0